Name the 10 largest cities in Ukraine - Statistics

General Stats
  • This quiz has been taken 22 times
  • The average score is 7 of 10
Answer Stats
Hint Answer % Correct
K Kiev
100%
O Odessa
100%
L Lviv
91%
D Dnipro
82%
D Donetsk
82%
M Mariupol
73%
Z Zaporizhia
64%
K Kharkov
50%
K Kryvyi Rih
27%
M Mykolaiv
27%
No matching quizzes found
Score Distribution
Percent of People with Each Score
Percentile by Number Answered
Your Score History
You have not taken this quiz